[Event "Aragon-chT Honor Gr I"]
[Site "Aragon"]
[Date "2023.03.11"]
[Round "7.30"]
[White "Cid Royo, Oscar"]
[Black "Luis Vitalla, Fernando Maria"]
[Result "0-1"]
[WhiteElo "1998"]
[BlackElo "2097"]
[PlyCount "60"]
[EventDate "2023.01.28"]
[EventType "team-tourn"]
[EventRounds "7"]
[EventCountry "ESP"]
[SourceTitle "EXT 2024"]
[Source "ChessBase"]
[SourceDate "2023.10.10"]
[SourceVersion "1"]
[SourceVersionDate "2023.10.10"]
[SourceQuality "1"]
[WhiteTeam "La Aurora Estadilla"]
[BlackTeam "Huesca Club Atletismo"]
[WhiteTeamCountry "ESP"]
[BlackTeamCountry "ESP"]

1. d4 d5 2. Nf3 Nf6 3. g3 g6 4. Bg2 Bg7 5. 0-0 0-0 6. b3 c5 7. Bb2 Ne4 8. Nbd2 Nc6 9. c3 Qb6 10. Nxe4 dxe4 11. Nd2 cxd4 12. cxd4 Nxd4 13. Nc4 Qc5 14. Rc1 Bg4 15. Ne3 Nxe2+ 16. Qxe2 Qxc1 17. Bxg7 Bxe2 18. Rxc1 Kxg7 19. Bxe4 Rac8 20. Rxc8 Rxc8 21. Bxb7 Rc1+ 22. Kg2 e6 23. Be4 f5 24. Bc2 e5 25. f4 e4 26. Kf2 Bd3 27. Bd1 Kf6 28. Ke1 Ra1 29. Nd5+ Ke6 30. Nc3 Bc2 0-1

[Event "Aragon-chT Honor Descenso"]
[Site "Aragon"]
[Date "2020.06.27"]
[Round "8.10"]
[White "Cid Royo, Oscar"]
[Black "Ayensa Garcia, Miguel Angel"]
[Result "1-0"]
[WhiteElo "2021"]
[BlackElo "1970"]
[PlyCount "107"]
[EventDate "2020.06.27"]
[EventType "team-tourn"]
[EventRounds "10"]
[EventCountry "ESP"]
[SourceTitle "EXT 2024"]
[Source "ChessBase"]
[SourceDate "2023.10.10"]
[SourceVersion "1"]
[SourceVersionDate "2023.10.10"]
[SourceQuality "1"]
[WhiteTeam "La Aurora Estadilla"]
[BlackTeam "St Casablanca II"]
[WhiteTeamCountry "ESP"]
[BlackTeamCountry "ESP"]

1. d4 Nf6 2. Nf3 e6 3. g3 c5 4. Bg2 cxd4 5. 0-0 d5 6. Nxd4 e5 7. Nb3 h6 8. N1d2 Nc6 9. c4 Be6 10. cxd5 Nxd5 11. Ne4 b6 12. Nc3 Nce7 13. Qd3 Qd7 14. f4 Rd8 15. f5 Nxc3 16. Qxc3 Bxb3 17. axb3 Qd4+ 18. Be3 Qxc3 19. bxc3 Nc8 20. Bb7 Bc5 21. Bxc5 bxc5 22. Bxc8 Rxc8 23. Rxa7 0-0 24. Rd1 Rb8 25. Rd5 Rfc8 26. Rdd7 Rf8 27. Rac7 Rbc8 28. Kf2 Rxc7 29. Rxc7 Rb8 30. Rxc5 Rxb3 31. Rc8+ Kh7 32. Ke3 f6 33. h4 Ra3 34. Ke4 Ra4+ 35. c4 Ra3 36. e3 Rc3 37. c5 Rc1 38. c6 Rc2 39. c7 Rc5 40. g4 Rc3 41. g5 hxg5 42. hxg5 fxg5 43. Kxe5 Rc1 44. e4 Rc2 45. Kd6 Rd2+ 46. Ke7 Rc2 47. e5 g4 48. f6 gxf6 49. exf6 Re2+ 50. Kd6 Rd2+ 51. Ke6 g3 52. Rh8+ Kxh8 53. c8Q+ Kh7 54. Qc7+ 1-0

[Event "Aragon-chT Honor Gr-II"]
[Site "Aragon"]
[Date "2020.01.25"]
[Round "1.30"]
[White "Cid Royo, Oscar"]
[Black "Romero Pallares, Daniel"]
[Result "1-0"]
[WhiteElo "2021"]
[BlackElo "2184"]
[PlyCount "105"]
[EventDate "2020.01.25"]
[EventType "team-tourn"]
[EventRounds "7"]
[EventCountry "ESP"]
[SourceTitle "EXT 2022"]
[Source "ChessBase"]
[SourceDate "2021.10.06"]
[SourceVersion "1"]
[SourceVersionDate "2021.10.06"]
[SourceQuality "1"]
[WhiteTeam "La Aurora Estadilla"]
[BlackTeam "Palacio de Pioneros"]
[WhiteTeamCountry "ESP"]
[BlackTeamCountry "ESP"]

1. d4 d6 2. c4 g6 3. Nc3 Bg7 4. e4 e5 5. Be3 exd4 6. Bxd4 Nf6 7. Nd5 0-0 8. Nxf6+ Bxf6 9. Bxf6 Qxf6 10. Qd2 Re8 11. f3 b5 12. cxb5 d5 13. Qxd5 Rd8 14. Qb3 a6 15. Qc3 Qg5 16. Ne2 axb5 17. h4 Qe7 18. h5 b4 19. Qe3 g5 20. h6 Nc6 21. Rh5 f6 22. Rc1 Ne5 23. Nd4 Kh8 24. Be2 Rxa2 25. Qb3 Ra5 26. Qe3 Ra8 27. Nb5 c6 28. Nd4 c5 29. Nb3 c4 30. Nd4 Be6 31. g3 Qd6 32. Nxe6 Qxe6 33. Rh2 Nd3+ 34. Bxd3 Rxd3 35. Qc5 Rc8 36. Qf2 g4 37. Rd1 Rxf3 38. Qa7 Qxe4+ 39. Re2 Rf1+ 40. Kxf1 Qh1+ 41. Qg1 Qf3+ 42. Ke1 c3 43. Qg2 c2 44. Rxc2 Re8+ 45. Re2 Rxe2+ 46. Qxe2 Qxg3+ 47. Qf2 Qe5+ 48. Kf1 Kg8 49. Rd8+ Kf7 50. Qa7+ Kg6 51. Rg8+ Kh5 52. Qf2 f5 53. Kg1 1-0

[Event "Aragon-chT Honor Gr-B"]
[Site "Aragon"]
[Date "2019.02.23"]
[Round "5.22"]
[White "Cid Royo, Oscar"]
[Black "Lopez Gracia, Fernando"]
[Result "1/2-1/2"]
[WhiteElo "2042"]
[BlackElo "2293"]
[PlyCount "54"]
[EventDate "2019.01.26"]
[EventType "team-tourn"]
[EventRounds "7"]
[EventCountry "ESP"]
[SourceTitle "EXT 2020"]
[Source "ChessBase"]
[SourceDate "2019.10.17"]
[SourceVersion "1"]
[SourceVersionDate "2019.10.17"]
[SourceQuality "1"]
[WhiteTeam "La Aurora Estadilla"]
[BlackTeam "IberCaja"]
[WhiteTeamCountry "ESP"]
[BlackTeamCountry "ESP"]

1. d4 d5 2. Nf3 e6 3. g3 Nf6 4. Bg2 c5 5. 0-0 Nc6 6. b3 Be7 7. Bb2 0-0 8. Nbd2 b6 9. c4 Bb7 10. Rc1 Rc8 11. dxc5 Bxc5 12. cxd5 Nxd5 13. Ne4 Be7 14. Nd4 Qd7 15. Nxc6 Bxc6 16. Qd4 f6 17. Rfd1 Rfd8 18. a3 Qb7 19. Ng5 e5 20. Qg4 fxg5 21. Qe6+ Kf8 22. Bxe5 Bxa3 23. Rxd5 Bxd5 24. Qf5+ Kg8 25. Bxd5+ Qxd5 26. Rxc8 Rxc8 27. Qxc8+ Kf7 1/2-1/2

[Event "Aragon-chT Preferente Gr I "]
[Site "Aragon"]
[Date "2018.03.24"]
[Round "9.34"]
[White "Aviol Perez, Jose Mariano"]
[Black "Cid Royo, Oscar"]
[Result "0-1"]
[WhiteElo "1786"]
[BlackElo "2001"]
[PlyCount "62"]
[EventDate "2018.01.27"]
[EventType "team-tourn"]
[EventRounds "9"]
[EventCountry "ESP"]
[SourceTitle "EXT 2019"]
[Source "ChessBase"]
[SourceDate "2018.10.10"]
[SourceVersion "1"]
[SourceVersionDate "2018.10.10"]
[SourceQuality "1"]
[WhiteTeam "Actur Rey Fernando"]
[BlackTeam "La Aurora Estadilla"]
[WhiteTeamCountry "ESP"]
[BlackTeamCountry "ESP"]

1. d4 d5 2. Nf3 c6 3. c4 e6 4. Nc3 Nf6 5. Bg5 dxc4 6. e4 b5 7. e5 h6 8. Bh4 g5 9. Nxg5 hxg5 10. Bxg5 Nbd7 11. exf6 Bb7 12. g3 c5 13. d5 Nb6 14. Bg2 b4 15. Na4 Bxd5 16. Nxb6 axb6 17. 0-0 Bxg2 18. Kxg2 Qd5+ 19. Qxd5 exd5 20. Bf4 Kd7 21. Rfe1 d4 22. g4 c3 23. bxc3 bxc3 24. Kf3 Bd6 25. Bxd6 Kxd6 26. Re7 d3 27. Ke3 c4 28. Rxf7 Rhe8+ 29. Kd4 d2 30. Rb1 Ke6 31. Rb7 Red8+ 0-1

[Event "Aragon-chT Preferente Gr I "]
[Site "Aragon"]
[Date "2018.03.10"]
[Round "7.38"]
[White "Rodriguez Leiva, Manuel"]
[Black "Cid Royo, Oscar"]
[Result "0-1"]
[WhiteElo "1935"]
[BlackElo "2001"]
[PlyCount "76"]
[EventDate "2018.01.27"]
[EventType "team-tourn"]
[EventRounds "9"]
[EventCountry "ESP"]
[SourceTitle "EXT 2019"]
[Source "ChessBase"]
[SourceDate "2018.10.10"]
[SourceVersion "1"]
[SourceVersionDate "2018.10.10"]
[SourceQuality "1"]
[WhiteTeam "Jaime Casas II"]
[BlackTeam "La Aurora Estadilla"]
[WhiteTeamCountry "ESP"]
[BlackTeamCountry "ESP"]

1. c4 e6 2. Nc3 d5 3. cxd5 exd5 4. d4 Nf6 5. Nf3 c6 6. Bg5 Be7 7. e3 Bg4 8. Be2 Nbd7 9. 0-0 0-0 10. h3 Bh5 11. Rc1 Re8 12. Nh4 Bxe2 13. Qxe2 h6 14. Bxf6 Bxf6 15. Nf5 Nf8 16. Qc2 Qd7 17. Ng3 Ne6 18. Na4 Be7 19. Nc3 Bd6 20. Nce2 Ng5 21. Qf5 Qe7 22. Qg4 g6 23. h4 f5 24. Nxf5 gxf5 25. Qxf5 Qe6 26. Ng3 Bxg3 27. Qxe6+ Nxe6 28. fxg3 Re7 29. Rf6 Kg7 30. Rcf1 Rf8 31. Rxf8 Nxf8 32. Rf3 Nd7 33. Kf2 Nf6 34. Ke2 Re4 35. Rf4 Rxf4 36. gxf4 Kg6 37. Kf3 h5 38. b4 Kf5 0-1

[Event "Aragon-chT Honor Descenso"]
[Site "Aragon"]
[Date "2017.03.25"]
[Round "9.31"]
[White "Gimeno Oteo, Marco Antonio"]
[Black "Cid Royo, Oscar"]
[Result "1-0"]
[WhiteElo "2071"]
[BlackElo "2044"]
[PlyCount "57"]
[EventDate "2017.02.25"]
[EventType "team-tourn"]
[EventRounds "10"]
[EventCountry "ESP"]
[SourceTitle "EXT 2018"]
[Source "ChessBase"]
[SourceDate "2017.10.13"]
[SourceVersion "1"]
[SourceVersionDate "2017.10.13"]
[SourceQuality "1"]
[WhiteTeam "San Jose"]
[BlackTeam "La Aurora Estadilla"]
[WhiteTeamCountry "ESP"]
[BlackTeamCountry "ESP"]

1. e4 c6 2. d4 d5 3. Nc3 dxe4 4. Nxe4 Nf6 5. Nxf6+ exf6 6. c3 Bd6 7. Bd3 0-0 8. Qc2 g6 9. Ne2 b6 10. h4 Qc7 11. h5 f5 12. Bh6 Re8 13. 0-0-0 Be6 14. Kb1 c5 15. c4 Nc6 16. a3 Nxd4 17. Nxd4 cxd4 18. g4 Rac8 19. hxg6 fxg6 20. gxf5 Bxc4 21. fxg6 Ba2+ 22. Kxa2 Qxc2 23. gxh7+ Kf7 24. Bxc2 Rxc2 25. Rxd4 Be5 26. Be3 Kg6 27. Kb3 Rc7 28. Re4 Rxh7 29. Rg4+ 1-0

[Event "Aragon-chT Honor GrB"]
[Site "Aragon"]
[Date "2013.02.02"]
[Round "2.19"]
[White "Navarro Alonso, Jorge Luis"]
[Black "Cid Royo, Oscar"]
[Result "1/2-1/2"]
[WhiteElo "2161"]
[BlackElo "2040"]
[PlyCount "34"]
[EventDate "2013.01.26"]
[EventType "team"]
[EventRounds "7"]
[EventCountry "ESP"]
[SourceTitle "EXT 2014"]
[Source "ChessBase"]
[SourceDate "2013.11.20"]
[SourceVersion "1"]
[SourceVersionDate "2013.11.20"]
[SourceQuality "1"]
[WhiteTeam "Helios"]
[BlackTeam "Actur Rey Fernando"]
[WhiteTeamCountry "ESP"]
[BlackTeamCountry "ESP"]

1. e4 c6 2. d4 d5 3. Nc3 dxe4 4. Nxe4 Nf6 5. Nxf6+ exf6 6. Nf3 Bd6 7. Be2 0-0 8. 0-0 Bg4 9. c4 Nd7 10. h3 Bh5 11. Nh4 Bxe2 12. Qxe2 Re8 13. Qg4 g6 14. Nf5 h5 15. Nh6+ Kg7 16. Nf5+ Kg8 17. Nh6+ Kg7 1/2-1/2

[Event "Aragon-chT Honor GrB "]
[Site "Aragon"]
[Date "2012.02.18"]
[Round "3.24"]
[White "Castillo Sanjuan, Alejandro"]
[Black "Cid Royo, Oscar"]
[Result "1-0"]
[WhiteElo "2044"]
[BlackElo "2037"]
[PlyCount "59"]
[EventDate "2012.02.04"]
[EventType "team-tourn"]
[EventRounds "7"]
[EventCountry "ESP"]
[SourceTitle "EXT 2014"]
[Source "ChessBase"]
[SourceDate "2013.11.20"]
[SourceVersion "1"]
[SourceVersionDate "2013.11.20"]
[SourceQuality "1"]
[WhiteTeam "IberCaja"]
[BlackTeam "Actur Rey Fernando"]
[WhiteTeamCountry "ESP"]
[BlackTeamCountry "ESP"]

1. e4 c6 2. d4 d5 3. e5 Bf5 4. Nc3 e6 5. g4 Bg6 6. Nge2 h6 7. Be3 Nd7 8. Qd2 Bb4 9. Nf4 Be4 10. Rg1 Qa5 11. Bd3 Bxd3 12. Qxd3 Bxc3+ 13. bxc3 Ne7 14. Bd2 Qc7 15. Rb1 0-0-0 16. c4 c5 17. cxd5 Nxd5 18. Nxd5 exd5 19. c3 g5 20. f4 gxf4 21. Bxf4 Nf8 22. Rg2 Ne6 23. Rf2 Kb8 24. Be3 Rd7 25. Rf6 cxd4 26. cxd4 Qa5+ 27. Qd2 Qxd2+ 28. Kxd2 Rg8 29. h3 Ng5 30. Rxh6 1-0

[Event "Aragon-chT Preferente-A"]
[Site "Spain"]
[Date "2011.03.19"]
[Round "7.3"]
[White "Cid Royo, Oscar"]
[Black "Barcena Laguia, Francisco"]
[Result "0-1"]
[WhiteElo "2083"]
[BlackElo "1915"]
[PlyCount "58"]
[EventDate "2011.02.05"]
[EventType "team-tourn"]
[EventRounds "9"]
[EventCountry "ESP"]
[SourceTitle "EXT 2013"]
[Source "ChessBase"]
[SourceDate "2012.11.22"]
[SourceVersion "1"]
[SourceVersionDate "2012.11.22"]
[SourceQuality "1"]
[WhiteTeam "Actur Rey Fernando"]
[BlackTeam "Teruel"]
[WhiteTeamCountry "ESP"]
[BlackTeamCountry "ESP"]

1. d4 Nf6 2. Nf3 c5 3. c3 cxd4 4. cxd4 d5 5. g3 g6 6. Bg2 Bg7 7. 0-0 0-0 8. Nc3 Nc6 9. Ne5 e6 10. Bf4 Nd7 11. Nxc6 bxc6 12. Rc1 Bb7 13. Na4 e5 14. dxe5 Bxe5 15. Bxe5 Nxe5 16. Nc5 Qe7 17. Qd4 Rfe8 18. Rc3 Rab8 19. Rd1 Nd7 20. Nxb7 Rxb7 21. Rxc6 Qxe2 22. Bxd5 Ne5 23. Rxg6+ hxg6 24. Bxb7 Rb8 25. Bd5 Rxb2 26. Rc1 Rd2 27. Qc5 Ng4 28. Qc8+ Kh7 29. Qc5 Rxd5 0-1

[Event "Aragon-chT Preferente-A"]
[Site "Spain"]
[Date "2011.03.12"]
[Round "6.3"]
[White "Fleta Marin, Sergio"]
[Black "Cid Royo, Oscar"]
[Result "0-1"]
[WhiteElo "1713"]
[BlackElo "2083"]
[PlyCount "86"]
[EventDate "2011.02.05"]
[EventType "team-tourn"]
[EventRounds "9"]
[EventCountry "ESP"]
[SourceTitle "EXT 2013"]
[Source "ChessBase"]
[SourceDate "2012.11.22"]
[SourceVersion "1"]
[SourceVersionDate "2012.11.22"]
[SourceQuality "1"]
[WhiteTeam "Delicias II"]
[BlackTeam "Actur Rey Fernando"]
[WhiteTeamCountry "ESP"]
[BlackTeamCountry "ESP"]

1. e4 c6 2. d4 d5 3. f3 g6 4. e5 Bg7 5. Bd3 c5 6. c3 Nc6 7. Ne2 Qb6 8. Bc2 Nh6 9. Nf4 e6 10. dxc5 Qxc5 11. Nd3 Qe7 12. Be3 Nxe5 13. Nxe5 Bxe5 14. Bxh6 Qh4+ 15. Ke2 Qxh6 16. Ba4+ Kf8 17. Nd2 b6 18. g3 Ba6+ 19. Kf2 Bd6 20. Ne4 Be7 21. Qd2 Qxd2+ 22. Nxd2 Bc5+ 23. Kg2 Ke7 24. h4 Rad8 25. Nb3 Be3 26. Nd4 Bxd4 27. cxd4 Rc8 28. Rac1 Rxc1 29. Rxc1 Rc8 30. Rxc8 Bxc8 31. Kf2 Kf6 32. g4 h6 33. f4 g5 34. fxg5+ hxg5 35. h5 Kg7 36. Bc6 Ba6 37. Ke3 Bf1 38. Kf3 Bd3 39. Bd7 Kf8 40. Bc6 Be4+ 41. Ke3 f5 42. Bd7 Ke7 43. h6 f4+ 0-1

[Event "ESP Autonomico-chT"]
[Site "Spain"]
[Date "2006.02.25"]
[Round "4.16"]
[White "Cid Royo, Oscar"]
[Black "Solanas Godes, Beatriz"]
[Result "1/2-1/2"]
[WhiteElo "2089"]
[BlackElo "1774"]
[PlyCount "158"]
[EventDate "2006.02.04"]
[EventType "team"]
[EventRounds "9"]
[EventCountry "ESP"]
[SourceTitle "EXT 2007"]
[Source "ChessBase"]
[SourceDate "2006.11.23"]
[SourceVersion "1"]
[SourceVersionDate "2006.11.23"]
[SourceQuality "1"]

1. d4 d5 2. Nf3 Nf6 3. g3 e6 4. Bg2 c5 5. c3 Nc6 6. 0-0 Be7 7. a4 cxd4 8. Nxd4 Qb6 9. Nxc6 bxc6 10. a5 Qb5 11. Nd2 Rb8 12. e4 Bd6 13. Re1 Nd7 14. exd5 cxd5 15. c4 dxc4 16. Ne4 Bb4 17. Nd6+ Bxd6 18. Qxd6 Qc5 19. Rxe6+ fxe6 20. Qxe6+ Qe7 21. Qxc4 Qe1+ 22. Bf1 Qb4 23. Qe6+ Qe7 24. Qa2 Rf8 25. Bf4 Rb4 26. Bd2 Re4 27. Rc1 Bb7 28. a6 Qf7 29. Qxf7+ Kxf7 30. axb7 Rb8 31. Bg2 Nf6 32. Rc7+ Re7 33. Rxe7+ Kxe7 34. Bf4 Nd7 35. Bc6 Kd8 36. b4 Ke7 37. Kf1 h6 38. h4 Kf6 39. Bxb8 Nxb8 40. b5 Ke6 41. Ke2 Kd6 42. Be8 Kc7 43. Kd3 Kxb7 44. g4 a6 45. bxa6+ Nxa6 46. Ke4 Kc8 47. Kf5 Kd8 48. Bb5 Nc7 49. Bc6 Ke7 50. Kg6 Ne6 51. Bd5 Nf4+ 52. Kxg7 Nxd5 53. Kxh6 Kf7 54. Kg5 Kg7 55. f4 Ne7 56. h5 Kf7 57. h6 Kg8 58. f5 Nd5 59. Kg6 Nf4+ 60. Kg5 Nh3+ 61. Kh4 Nf4 62. g5 Kh7 63. Kg4 Nd5 64. Kf3 Ne7 65. Ke4 Nc6 66. Kd5 Nd8 67. Ke5 Nf7+ 68. Kf6 Nd6 69. Ke5 Nf7+ 70. Kf4 Nd6 71. Kg4 Ne4 72. Kf4 Nd6 73. Kg4 Ne4 74. Kf4 Nd6 75. Ke5 Nf7+ 76. Kf6 Nd6 77. Ke6 Ne4 78. g6+ Kxh6 79. Kf7 Kg5 1/2-1/2

[Event "Autonomico-chT"]
[Site "Aragon"]
[Date "2005.03.05"]
[Round "6.32"]
[White "Requena Munguira, Jorge"]
[Black "Cid Royo, Oscar"]
[Result "0-1"]
[WhiteElo "1650"]
[BlackElo "2116"]
[PlyCount "74"]
[EventDate "2005.01.22"]
[EventType "team"]
[EventRounds "12"]
[EventCountry "ESP"]
[SourceTitle "EXT 2006"]
[Source "ChessBase"]
[SourceDate "2005.11.24"]
[SourceVersion "1"]
[SourceVersionDate "2005.11.24"]
[SourceQuality "1"]

1. d4 d5 2. c4 c6 3. Nc3 e6 4. Nf3 Nf6 5. Bg5 dxc4 6. e3 b5 7. a4 Bb4 8. Be2 Bb7 9. 0-0 a6 10. Qc2 h6 11. Bh4 g5 12. Bg3 Bxc3 13. Qxc3 Ne4 14. Qc2 Nxg3 15. fxg3 Nd7 16. Nd2 c5 17. Ne4 Qe7 18. Bh5 0-0 19. dxc5 Bxe4 20. Qxe4 f5 21. Qc6 Ne5 22. Qb6 Rfb8 23. Qd6 Qxd6 24. cxd6 bxa4 25. Rxa4 Rxb2 26. Rd1 c3 27. Raa1 c2 28. Rf1 Nd3 29. d7 Rd8 30. Be8 Nc5 31. Rac1 Nxd7 32. Bh5 Ne5 33. Be2 Nd3 34. Bxd3 Rxd3 35. Rf3 a5 36. Kf1 Rd2 37. h4 a4 0-1

[Event "Aragon-chT"]
[Site "Spain"]
[Date "2004.??.??"]
[Round "?"]
[White "Cid Royo, Oscar"]
[Black "Ramiro Ovejero, Juan Luis"]
[Result "1/2-1/2"]
[WhiteElo "2123"]
[BlackElo "2265"]
[PlyCount "71"]
[EventDate "2004.01.??"]
[EventType "team"]
[EventRounds "11"]
[EventCountry "ESP"]
[SourceTitle "EXT 2006"]
[Source "ChessBase"]
[SourceDate "2005.11.24"]
[SourceVersion "1"]
[SourceVersionDate "2005.11.24"]
[SourceQuality "1"]

1. d4 d5 2. Nf3 Nc6 3. g3 Bg4 4. Bg2 e6 5. 0-0 Nf6 6. b3 Bd6 7. Bb2 Ne4 8. Ne5 Bf5 9. f3 Nf6 10. Nxf7 Kxf7 11. e4 Bg6 12. e5 Be7 13. exf6 Bxf6 14. f4 Qd6 15. c3 Rhe8 16. Nd2 Kg8 17. Nf3 Be4 18. Qc1 Ne7 19. Ba3 Qa6 20. Bxe7 Rxe7 21. Qe3 Qa3 22. g4 g6 23. Rf2 c5 24. Ne5 cxd4 25. cxd4 Bxg2 26. Kxg2 Rc8 27. g5 Bg7 28. Rd1 Qb4 29. Rd3 Qb6 30. Re2 Bxe5 31. fxe5 Qc7 32. Rf2 Rf7 33. Rf6 Qc2+ 34. Rd2 Rxf6 35. gxf6 Qf5 36. h3 1/2-1/2

[Event "Aragon-chT"]
[Site "Spain"]
[Date "2004.??.??"]
[Round "?"]
[White "Cid Royo, Oscar"]
[Black "Romon Poves, Raul"]
[Result "1-0"]
[WhiteElo "2123"]
[BlackElo "2200"]
[PlyCount "55"]
[EventDate "2004.01.??"]
[EventType "team"]
[EventRounds "11"]
[EventCountry "ESP"]
[SourceTitle "EXT 2006"]
[Source "ChessBase"]
[SourceDate "2005.11.24"]
[SourceVersion "1"]
[SourceVersionDate "2005.11.24"]
[SourceQuality "1"]

1. d4 d5 2. c4 c6 3. Nc3 e6 4. e3 f5 5. Bd3 Nf6 6. Nge2 Bd6 7. f3 0-0 8. Qc2 a6 9. c5 Bc7 10. b4 Bd7 11. 0-0 Be8 12. Bd2 Kh8 13. a4 Nbd7 14. b5 g5 15. bxc6 bxc6 16. e4 dxe4 17. fxe4 f4 18. e5 Nxe5 19. dxe5 Bxe5 20. Rad1 Bh5 21. Na2 Nd5 22. Nb4 Nxb4 23. Bxb4 Bd4+ 24. Kh1 e5 25. Be4 Qc8 26. Nxd4 Bxd1 27. Qxd1 Rd8 28. Qh5 1-0

[Event "Zaragoza op-B"]
[Site "Zaragoza"]
[Date "1995.??.??"]
[Round "5"]
[White "Hernandez Estevez, Yudania"]
[Black "Cid Royo, Oscar"]
[Result "1-0"]
[WhiteElo "2200"]
[BlackElo "2105"]
[PlyCount "41"]
[EventDate "1995.06.??"]
[EventType "swiss"]
[EventRounds "9"]
[EventCountry "ESP"]
[SourceTitle "EXT 1997"]
[Source "ChessBase"]
[SourceDate "1996.11.15"]
[SourceVersion "1"]
[SourceVersionDate "1996.11.15"]
[SourceQuality "1"]

1. e4 d5 2. exd5 Nf6 3. Nf3 Nxd5 4. g3 g6 5. Bg2 Bg7 6. 0-0 0-0 7. d4 Nc6 8. c3 Nb6 9. a4 a5 10. Na3 h6 11. Nb5 Bg4 12. h3 Be6 13. Re1 Kh7 14. Bf4 Nd5 15. Bd2 Nb6 16. h4 Qc8 17. Nh2 Re8 18. Bf4 Nd5 19. Bxd5 Bxd5 20. Nxc7 e5 21. Nxd5 1-0